000 00285nam a22001217a 4500
008 171214b xxu||||| |||| 00| 0 eng d
041 _aeng
080 _210TH
_a611
100 _a6
101 _aANA
245 _aSTRUCTURE&FUNCTION OF THE BODY
_cSWISHER,L
942 _2udc
_cBK
999 _c38913
_d38913